Osobitosti marketingovej stratégie v neziskovej organizácii

Zosumarizovanie teoretických poznatkov z oblasti marketingovej stratégie, s osobitným zreteľom na neziskový sektor. Marketingové stratégie boli používané a spájané najmä so ziskovým sektorom, ale čoraz častejšie sa nimi zaoberajú už aj neziskové organizácie. Význam a potreba marketingu v neziskovom...

Celý popis

Uložené v:
Podrobná bibliografia
Hlavný autor: Bobčíková, Nikola
Médium: Kapitola
Jazyk:Slovak
Predmet:
Tagy: Pridať tag
Žiadne tagy, Buďte prvý, kto otaguje tento záznam!

MARC

LEADER 00000naa a2200000 4500
001 0212662
005 20220519134213.5
041 0 |a slo 
044 |a SK 
245 1 0 |a Osobitosti marketingovej stratégie v neziskovej organizácii  |c Nikola Bobčíková 
520 |a Zosumarizovanie teoretických poznatkov z oblasti marketingovej stratégie, s osobitným zreteľom na neziskový sektor. Marketingové stratégie boli používané a spájané najmä so ziskovým sektorom, ale čoraz častejšie sa nimi zaoberajú už aj neziskové organizácie. Význam a potreba marketingu v neziskovom sektore. Využívanie marketingových stratégií ako spôsobu efektívneho fungovania neziskových organizácií. 
610 2 0 |a stratégia marketingová 
610 2 0 |a osoby právnické 
610 2 0 |a analýza swot 
610 2 0 |a nástroje marketingové 
100 1 |a Bobčíková, Nikola